A critical reflection on the adoption of blockchain in tourism; Information Technology & Tourism (ITT); Vol. 23, iss. 2

Detalles Bibliográficos
Parent link:Information Technology & Tourism (ITT)
Vol. 23, iss. 2.— 2021.— [P. 121-132]
Autor principal: Marco V. Valeri
Autor Corporativo: Национальный исследовательский Томский политехнический университет Школа базовой инженерной подготовки Отделение социально-гуманитарных наук
Otros Autores: Baggio R. Rodolfo
Sumario:Title screen
The viewpoint discusses the impact of blockchain technology adoption on tourism. We highlight a gap in the tourism management literature. Based on a number of published works and the few implementations existing in the tourism domain we critically reflect on the ability to capture benefits, and to enhance the effectiveness of this technology. Starting with a description, often missing, of the basic architecture and functioning mechanisms of a blockchain system we discuss potential drivers and drawbacks of its adoption in the tourism domain, highlighting the managerial implications of its use. Given the gap in tourism management literature, we also suggest possible research directions for better understanding and evaluating the applicability in tourism and hospitality.
Режим доступа: по договору с организацией-держателем ресурса
Lenguaje:inglés
Publicado: 2021
Materias:
Acceso en línea:https://doi.org/10.1007/s40558-020-00183-1
Formato: MixedMaterials Electrónico Capítulo de libro
KOHA link:https://koha.lib.tpu.ru/cgi-bin/koha/opac-detail.pl?biblionumber=663154

MARC

LEADER 00000naa0a2200000 4500
001 663154
005 20250424144126.0
035 |a (RuTPU)RU\TPU\network\34323 
035 |a RU\TPU\network\34321 
090 |a 663154 
100 |a 20210127d2021 k||y0rusy50 ba 
101 0 |a eng 
135 |a drcn ---uucaa 
181 0 |a i  
182 0 |a b 
200 1 |a A critical reflection on the adoption of blockchain in tourism  |f V. Marco, R. Baggio 
203 |a Text  |c electronic 
300 |a Title screen 
330 |a The viewpoint discusses the impact of blockchain technology adoption on tourism. We highlight a gap in the tourism management literature. Based on a number of published works and the few implementations existing in the tourism domain we critically reflect on the ability to capture benefits, and to enhance the effectiveness of this technology. Starting with a description, often missing, of the basic architecture and functioning mechanisms of a blockchain system we discuss potential drivers and drawbacks of its adoption in the tourism domain, highlighting the managerial implications of its use. Given the gap in tourism management literature, we also suggest possible research directions for better understanding and evaluating the applicability in tourism and hospitality. 
333 |a Режим доступа: по договору с организацией-держателем ресурса 
461 |t Information Technology & Tourism (ITT) 
463 |t Vol. 23, iss. 2  |v [P. 121-132]  |d 2021 
610 1 |a электронный ресурс 
610 1 |a труды учёных ТПУ 
610 1 |a tourism 
610 1 |a hospitality 
610 1 |a technology 
610 1 |a innovation adoption 
610 1 |a blockchain 
610 1 |a small and-medium enterprises 
610 1 |a managerial implications 
700 1 |a Marco  |b V.  |g Valeri 
701 1 |a Baggio  |b R.  |c Italian expert, philosopher  |c Professor of Tomsk Polytechnic University, candidate of philosophical Sciences  |f 1951-  |g Rodolfo  |3 (RuTPU)RU\TPU\pers\39762  |9 21075 
712 0 2 |a Национальный исследовательский Томский политехнический университет  |b Школа базовой инженерной подготовки  |b Отделение социально-гуманитарных наук  |3 (RuTPU)RU\TPU\col\23512 
801 2 |a RU  |b 63413507  |c 20210930  |g RCR 
850 |a 63413507 
856 4 |u https://doi.org/10.1007/s40558-020-00183-1 
942 |c CF